000 00600nam a22002057a 4500
999 _c8525
_d8525
001 22429
003 BD-DhUAP
005 20240815160309.0
008 240815b2023 bg a|||| |||| 00| 0 eng d
020 _a9789843543080
040 _aBD-DhUET
_beng
_cBD-DhUAP
_dBD-DhUAP
082 _223
_a720.92402 NAW
100 _aNawaz, Tanwir.
245 _aArchitect Tanwir Nawaz Selected Works /
_cNawaz, Tanwir.
260 _aDhaka:
_bUniversity Press Limited,
_c2023.
300 _a242 p.
_bill.
_e28 cm.
504 _aInclude Bibliographical Reference
650 _aArchitecture
_zBangladesh
942 _2ddc
_cBK